000 00864cam a2200265 a 4500
001 38214
003 BD-RjUL
005 20211209052741.0
008 151008s1972 nyua 000 0 eng
020 _a0471175609
035 _a(BD-RjUL)
040 _aDLC
_cDLC
_dDLC
_dBD-RjUL
_beng
041 _aeng
082 0 0 _a546
_222
_bCOA 1972
100 1 _aCotton, F. Albert
_q(Frank Albert),
_d1930-2007.
_9118175
245 1 0 _aAdvanced inorganic chemistry :
_ba comprehensive text /
_c[by] F. Albert Cotton and Geoffrey Wilkinson.
250 _a3d ed., completely rev.
260 _aNew York :
_bInterscience Publishers,
_c1972.
300 _axxi, 1145 p.
_bill.
_c24 cm.
650 0 _aChemistry, Inorganic.
_9117207
700 1 _aWilkinson, Geoffrey,
_d1921-1996,
_ejoint author.
_9118176
942 _2ddc
_cBK
999 _c38214
_d38214